| 000 | 00377nam a22001697a 4500 | ||
|---|---|---|---|
| 003 | CEME | ||
| 005 | 20210628203532.0 | ||
| 008 | 210317b xxu||||| |||| 00| 0 eng d | ||
| 020 | _a1-55512-099-7 | ||
| 040 | _c. | ||
| 082 | _a005.3 EIG'I | ||
| 100 |
_aIntel _959936 |
||
| 245 | _a80960 a user's manual | ||
| 260 |
_aUSA _bINTEL _c1989 |
||
| 300 | _aF-12 | ||
| 942 |
_cBK _2ddc |
||
| 999 |
_c574121 _d574121 |
||